Basic Electronics (Record no. 4641)

MARC details
000 -LEADER
fixed length control field 00387nam a22001697a 4500
005 - DATE AND TIME OF LATEST TRANSACTION
control field 20160629122544.0
008 - FIXED-LENGTH DATA ELEMENTS--GENERAL INFORMATION
fixed length control field 160629b xxu||||| |||| 00| 0 eng d
020 ## - INTERNATIONAL STANDARD BOOK NUMBER
ISBN 978-81-906919-4-9
041 ## - LANGUAGE CODE
Language code of text/sound track or separate title eng
082 ## - DEWEY DECIMAL CLASSIFICATION NUMBER
Item number 12120
100 ## - MAIN ENTRY--AUTHOR NAME
Personal name Gupta, J B
245 ## - TITLE STATEMENT
Title Basic Electronics
260 ## - PUBLICATION, DISTRIBUTION, ETC. (IMPRINT)
Name of publisher Katson
Year of publication 2012
300 ## - PHYSICAL DESCRIPTION
Number of Pages 519
650 ## - SUBJECT ADDED ENTRY--TOPICAL TERM
Topical Term Diploma Engineering
942 ## - ADDED ENTRY ELEMENTS (KOHA)
Koha item type Books
Holdings
Lost status Damaged status Home library Current library Shelving location Date acquired Cost, normal purchase price Full call number Accession Number Koha item type Collection code Source of acquisition
    JRU Library   SHELF-36-J 29/06/2016 275.00 12120 12120 Books    
    JRU Library   SHELF-36-I 29/06/2016 275.00 12120 12121 Books    
    JRU Library JRU Library SHELF-58-D 29/06/2016 275.00 12120 12122 Books MINING  
    JRU Library   SHELF-36-J 29/06/2016 275.00 12120 12123 Books    
    JRU Library   SHELF-36-H 29/06/2016 275.00 12120 12124 Books    
    JRU Library   SHELF-36-H 29/06/2016 275.00 12120 12125 Books    
    JRU Library   SHELF-36-I 29/06/2016 275.00 12120 12126 Books    
    JRU Library   SHELF-36-H 29/06/2016 275.00 12120 12127 Books    
    JRU Library   SHELF-36-H 29/06/2016 275.00 12120 12128 Books    
    JRU Library   SHELF-36-H 29/06/2016 275.00 12120 12129 Books    
    JRU Library   SHELF-36-J 29/06/2016 275.00 12120 12130 Books    
    JRU Library   SHELF-36-J 29/06/2016 275.00 12120 12131 Books    
    JRU Library   SHELF-36-H 29/06/2016 275.00 12120 12132 Books    
    JRU Library   SHELF-34-J 29/06/2016 275.00 12120 12133 Books    
    JRU Library   SHELF-36-J 29/06/2016 275.00 12120 12134 Books    
    JRU Library   SHELF-36-K 29/06/2016 275.00 12120 12135 Books    
    JRU Library   SHELF-42-J 29/06/2016 275.00 12120 12136 Books    
    JRU Library   SHELF-36-H 29/06/2016 275.00 12120 12137 Books    
    JRU Library JRU Library SHELF-58-D 29/06/2016 275.00 12120 12138 Books MINING  
    JRU Library   SHELF-36-K 29/06/2016 275.00 12120 12139 Books    
    JRU Library JRU Library SHELF-106-E 29/06/2016 275.00 621.381 12140 Books PARAMEDICAL PURCHASE
    JRU Library   SHELF-36-H 29/06/2016 275.00 12120 12141 Books    
    JRU Library JRU Library SHELF-58-D 29/06/2016 275.00 12120 12142 Books MINING  
    JRU Library   SHELF-36-I 29/06/2016 275.00 12120 12143 Books    
    JRU Library   SHELF-36-J 29/06/2016 275.00 12120 12144 Books    
    JRU Library   SHELF-36-I 29/06/2016 275.00 12120 12145 Books